|
|
|
|
| LEADER |
00815nab#a2200301#ar4500 |
| 001 |
000048310 |
| 003 |
SVKKK |
| 005 |
20040517105710.0 |
| 008 |
040517c xo e slo |
| FMT |
|
|
|
| 038 |
|
|
|a SVKKK
|
| 040 |
|
|
|a SVKKK
|b slo
|e AACR2
|
| 041 |
0 |
|
|a slo
|
| 044 |
|
|
|a xo
|c SK
|
| 080 |
|
|
|a 726.54(091)
|2 1997
|
| 100 |
1 |
|
|a Duchoň, Jozef
|4 aut
|
| 245 |
1 |
0 |
|a Barokové vzkriesenie. Časť druhá :
|b doplnok k téme Dolný hušták - Špitál
|c Jozef Duchoň
|
| 300 |
|
|
|b Obr.
|
| 650 |
0 |
4 |
|a kostolík barokový špitálsky
|z Košice (Slovensko)
|x dejiny
|
| 773 |
0 |
|
|t Košický večer
|g Roč. 14(35), č. 87 (9.5.2003)
|
| 773 |
0 |
|
|t [Príl.] Magazín
|g Roč. 8, č. 19 (2003), s. 5
|
| 957 |
|
|
|a 802
|
| 958 |
|
|
|a K1
|
| 974 |
|
|
|a Čr
|
| 992 |
|
|
|a RBX
|
| BAS |
|
|
|
| 852 |
|
|
|a SVKKK
|b BIB
|
| 998 |
|
|
|a REG
|